<?xml version="1.0" encoding="UTF-8"?>
<record
    xmlns:xsi="http://www.w3.org/2001/XMLSchema-instance"
    xsi:schemaLocation="http://www.loc.gov/MARC21/slim http://www.loc.gov/standards/marcxml/schema/MARC21slim.xsd"
    xmlns="http://www.loc.gov/MARC21/slim">

  <leader>01538nam a22002417i 4500</leader>
  <datafield tag="999" ind1=" " ind2=" ">
    <subfield code="c">22884</subfield>
    <subfield code="d">22884</subfield>
  </datafield>
  <controlfield tag="003">AR-CdUCM</controlfield>
  <controlfield tag="008">240509b20192019 pe||||| |||| 00| 0 spa d</controlfield>
  <datafield tag="040" ind1=" " ind2=" ">
    <subfield code="a">MUNICIPALIDAD PROVINCIAL DEL CUSCO</subfield>
    <subfield code="c">BIBLIOTECA MUNICIPAL DEL CUSCO</subfield>
  </datafield>
  <datafield tag="082" ind1=" " ind2=" ">
    <subfield code="a">394.61 / G22T</subfield>
    <subfield code="b">G22T</subfield>
  </datafield>
  <datafield tag="100" ind1=" " ind2=" ">
    <subfield code="a">Garc&#xED;a Q, Esteban.</subfield>
  </datafield>
  <datafield tag="245" ind1=" " ind2=" ">
    <subfield code="a">Tradiciones, costumbres, leyendas, cuentos, plegarias del Per&#xFA; profundo /</subfield>
  </datafield>
  <datafield tag="260" ind1=" " ind2=" ">
    <subfield code="a">Oropesa :</subfield>
    <subfield code="c">2019</subfield>
  </datafield>
  <datafield tag="300" ind1=" " ind2=" ">
    <subfield code="a">225 p&#xE1;ginas. :</subfield>
    <subfield code="c">27 cm.</subfield>
  </datafield>
  <datafield tag="500" ind1=" " ind2=" ">
    <subfield code="z">Bibliograf&#xED;a: p&#xE1;gina 229 - 230</subfield>
  </datafield>
  <datafield tag="505" ind1=" " ind2=" ">
    <subfield code="a">El Corpus Christi en el Cusco -- La tradici&#xF3;n sobre el s&#xE1;bado baratillo -- La celebraci&#xF3;n de compadres y comadres en la Villa de Oropesa -- El Cristo Andino Taytacha Se&#xF1;or de Qoyllorit'ti -- El marquesado de oropesa -- La sant&#xED;sima Virgen Asunta de Oropesa -- La cruz del se&#xF1;or de Aqorean de Oropesa -- La primera siembra de trigo tra&#xED;do de Espa&#xF1;a en Oropesa -- El primer T'anta Raymi en Oropesa -- La  festividad de San Francisco de As&#xED;s patr&#xF3;n de los panaderos de Oropesa -- Los montoneros oropesinos --  Mito del Virrey Francisco de Toledo sobre la fundaci&#xF3;n de Oropesa -- Wakcha Pukuysitu -- Oropesa: mi pueblo querido -- Saludo a la Virgen Estrella de Oropesa</subfield>
  </datafield>
  <datafield tag="650" ind1=" " ind2=" ">
    <subfield code="a">Tradiciones y costumbres</subfield>
    <subfield code="9">6538</subfield>
  </datafield>
  <datafield tag="650" ind1=" " ind2=" ">
    <subfield code="a">Leyendas y cuentos</subfield>
    <subfield code="9">49770</subfield>
  </datafield>
  <datafield tag="650" ind1=" " ind2=" ">
    <subfield code="a">Poemas y plegarias</subfield>
    <subfield code="9">49771</subfield>
  </datafield>
  <datafield tag="650" ind1=" " ind2=" ">
    <subfield code="a">Reflexiones y plegaria al Se&#xF1;or de los Temblores</subfield>
    <subfield code="9">49772</subfield>
  </datafield>
  <datafield tag="650" ind1=" " ind2=" ">
    <subfield code="a">Remembranzas del proceso de elaboraci&#xF3;n del pan Oropesa</subfield>
    <subfield code="9">49773</subfield>
  </datafield>
  <datafield tag="942" ind1=" " ind2=" ">
    <subfield code="2">ddc</subfield>
    <subfield code="c">LIBROS</subfield>
  </datafield>
  <datafield tag="945" ind1=" " ind2=" ">
    <subfield code="a">pbj</subfield>
    <subfield code="d">2024-05-09</subfield>
  </datafield>
  <datafield tag="952" ind1=" " ind2=" ">
    <subfield code="0">0</subfield>
    <subfield code="2">ddc</subfield>
    <subfield code="4">0</subfield>
    <subfield code="7">0</subfield>
    <subfield code="a">SH</subfield>
    <subfield code="b">SH</subfield>
    <subfield code="c">CART</subfield>
    <subfield code="d">2024-05-09</subfield>
    <subfield code="e">Dep&#xF3;sito Legal</subfield>
    <subfield code="g">20.00</subfield>
    <subfield code="o">394.61 / G22T</subfield>
    <subfield code="p">SH0000016716</subfield>
    <subfield code="r">2024-05-09</subfield>
    <subfield code="y">LIBROS</subfield>
  </datafield>
</record>
